000 00559nam a22001697a 4500
003 OSt
005 20240926012757.0
008 240926b |||||||| |||| 00| 0 eng d
040 _c0
082 _aDPer 050 R22 2000 January-May 2023 v123 no. 719-723
100 _aHickling, Susannah.
_eauthor.
_961675
245 _a7 ways to be healthy on a budget /
_cSusannah Hickling.
260 _aTaipei ;
_b Reader's Digest Asia,
_c March 2023.
300 _aVolume 123, pages 16-17 ,
_billustration.
700 _aHickling, Susannah.
_eauthor.
_961668
942 _2ddc
_cPER
999 _c21888
_d21888